logo

Bir Sreshtho Munshi Abdur Rouf Library
Jhenaidah Cadet College

Changes in the market structure of grocery retailing / (Record no. 8568)

MARC details
000 -LEADER
fixed length control field 00882cam a2200301I 4500
001 - CONTROL NUMBER
JCCL Control Number 8568
003 - CONTROL NUMBER IDENTIFIER
JCCL marc code BD - JhCC
005 - DATE AND TIME OF LATEST TRANSACTION
control field 20180925175037.0
008 - FIXED-LENGTH DATA ELEMENTS--GENERAL INFORMATION
fixed length control field 720210s1961 wiua s000 0 eng
035 ## - SYSTEM CONTROL NUMBER
system control number (BD - JhCC8568
035 ## - SYSTEM CONTROL NUMBER
system control number (OCoLC)00238133
040 ## - CATALOGING SOURCE
Original cataloging agency DLC
Transcribing agency WSU
Modifying agency OCL
-- NRC
-- MYG
-- BD - JhCC
041 ## - LANGUAGE CODE
Language code of Book eng
050 0# - LIBRARY OF CONGRESS CALL NUMBER
Classification number HD9321.5
Item number .M8
082 ## - DEWEY DECIMAL CLASSIFICATION NUMBER
Classification number 338.7658964
Author mark and Year MUE 1961
090 ## - LOCALLY ASSIGNED LC-TYPE CALL NUMBER (OCLC); LOCAL CALL NUMBER (OCLC)
Classification number (OCLC) (R) ; Classification number, CALL (RLIN) (NR) HD9321.5
Local cutter number (OCLC) ; Book number/undivided call number, CALL (RLIN) .M8x 1961
100 1# - MAIN ENTRY--PERSONAL NAME
Personal name Mueller, Willard Fritz.
245 10 - TITLE STATEMENT
Title Changes in the market structure of grocery retailing /
Statement of responsibility, etc Willard Fritz Mueller and Leon Garoian
260 ## - PUBLICATION, DISTRIBUTION, ETC. (IMPRINT)
Place of publication, distribution, etc Wisconsin,
Name of publisher, distributor, etc University of Wisconsin,
Date of publication, distribution, etc 1961.
300 ## - PHYSICAL DESCRIPTION
Pagination 215 p.
Other physical details illus.
Dimensions 25 cm.
650 #0 - SUBJECT ADDED ENTRY--TOPICAL TERM
Topical term or geographic name as entry element Grocery trade
Geographic subdivision United States.
650 #0 - SUBJECT ADDED ENTRY--TOPICAL TERM
Topical term or geographic name as entry element Chain stores
Geographic subdivision United States.
700 1# - ADDED ENTRY--PERSONAL NAME
Personal name Garoian, Leon.
942 ## - ADDED ENTRY ELEMENTS (KOHA)
Source of classification or shelving scheme Dewey Decimal Classification
Koha item type Books
946 ## - LOCAL PROCESSING INFORMATION (OCLC)
a t
949 ## - LOCAL PROCESSING INFORMATION (OCLC)
a c
p 39080021981110
Holdings
Source of classification or shelving scheme Damaged status Not for loan Home library Current library Shelving location Total Checkouts Full call number Barcode Date last seen Copy number Koha item type
Dewey Decimal Classification     JCC Rouf Library JCC Rouf Library General Stacks   338.7658964 MUE 1961 11325 02/27/2018 C - 1 Books

JCC Library | Contacts | JCC Home

Last Update on 23 September 2017
Copyright @ 2017-2020 JCC Rouf Library
Rouf Library, Jhenidah Cadet College (JCC), Bangladesh